000 00502nam a22001937a 4500
003 OSt
008 260422b |||||||| |||| 00| 0 eng d
082 _a634.6
_bA62E
100 _aAnsari, Naushad Alam.
245 _aEffect of Growth-Substances and Zinc Sprays on Yield and Quality of Litchi
260 _aSabour, Bhagalpur
_bBAC, RAU
_c1996
300 _a84p.
502 _bM. Sc.
_d1996
650 _aHorticulture
650 _aLitchi
650 _aThesis
650 _aM. Sc.
942 _2ddc
_cT
999 _c50104
_d50104